Fussball Bundesliga - Quiz - Statistiken

Allgemein
  • Dieses Quiz wurde 2.593 mal gespielt
  • Das Durchschnittsergebnis liegt bei 9 aus 15
Antwortstatistiken
Frage Antwort % Korrekt
Rekordmeister der Bundesliga FC Bayern München
100%
Welche Mannschaft gewann nicht die Champions league Schalke 04
88%
In welches Stadion passen die meisten Zuschauer Signal-Iduna Park
86%
Welche von den gezeigten Mannschaften gewann die Bundesliga Werder Bremen
80%
Seit welchem Jahr gibt es die Bundesliga 1963
71%
Wie oft gewann Bayern München die Bundesliga 32
71%
Höchster Sieg Borussia Mönchengladbach
71%
Für welchen Verein spielt er Bayern München
64%
Rekordtorjäger Gerd Müller
61%
Wer gewann in diesem Jahr 1.FC Köln
47%
Rekordspieler Charly Körbel
45%
Wie heißt der jüngste Bundesliga Spieler (beim Debut) Paul Wanner
45%
Anhand welchem Fußballer wurde das Bundesliga Logo erstellt Claudio Pizarro
23%
Meisten Instagram follower Marco Reus
11%
Das größte Derby im deutschen Fußball Nordderby
9%
Keine übereinstimmenden Quizze gefunden
Verteilung der Resultate
Anzahl Personen mit jedem Resultat
Perzentil nach korrekt beantworteten Fragen
Ihre Resultats-Entwicklung
Sie haben dieses Quiz noch nicht gespielt